Retratos (Record no. 2026)

MARC details
000 -CABECERA
campo de control de longitud fija 00548nam a2200181 a 4500
001 - NÚMERO DE CONTROL
campo de control BRCA_2280
005 - FECHA Y HORA DE LA ÚLTIMA TRANSACCIÓN
campo de control 20190320203737.0
008 - DATOS DE LONGITUD FIJA--INFORMACIÓN GENERAL
campo de control de longitud fija 931007s1991 mx-a---##b---#000-0#spa-d
020 ## - NÚMERO INTERNACIONAL ESTÁNDAR DEL LIBRO
Número Internacional Estándar del Libro 9686191275
050 #4 - SIGNATURA TOPOGRÁFICA DE LA BIBLIOTECA DEL CONGRESO
Número de clasificación TR681
Número de documento/Ítem .S67 1991
100 1# - ENTRADA PRINCIPAL--NOMBRE DE PERSONA
Nombre de persona Springs, Alice
9 (RLIN) 6831
245 10 - MENCIÓN DE TÍTULO
Título Retratos
Mención de responsabilidad, etc. Alice Springs ; traducción de Carmen Corona.
260 ## - PUBLICACIÓN, DISTRIBUCIÓN, ETC.
Lugar de publicación, distribución, etc. México
Nombre del editor, distribuidor, etc. Centro Cultural de Arte Contemporáneo
Fecha de publicación, distribución, etc. 1991
300 ## - DESCRIPCIÓN FÍSICA
Extensión 157 p.
Otras características físicas il.
Dimensiones 29 cm.
650 14 - PUNTO DE ACCESO ADICIONAL DE MATERIA--TÉRMINO DE MATERIA
Término de materia o nombre geográfico como elemento de entrada Retrato fotografía
Subdivisión de forma Exposiciones
9 (RLIN) 6832
700 1# - PUNTO DE ACCESO ADICIONAL--NOMBRE DE PERSONA
Nombre de persona Corona, Carmen
9 (RLIN) 6833
942 ## - ELEMENTOS DE PUNTO DE ACCESO ADICIONAL (KOHA)
Fuente del sistema de clasificación o colocación Library of Congress Classification
Tipo de ítem Koha Libros
Holdings
Estado de retiro Estado de pérdida Estado dañado No para préstamo Localización permanente Ubicación/localización actual Fecha de adquisición Total de préstamos Signatura topográfica completa Código de barras Fecha visto por última vez Precio válido a partir de Tipo de ítem Koha
El ejemplar forma parte de la colección y puede ser consultado según las políticas vigentes.       Biblioteca del Museo Franz Mayer (Rogerio Casas-Alatriste) Biblioteca del Museo Franz Mayer (Rogerio Casas-Alatriste) 14/08/2008   TR681 .S67 1991 02421 22/03/2019 22/03/2019 Libros